Pracovná sila so zmenenou pracovnou schopnosťou na trhu práce a úskalia pracovnej spôsobilosti

Psychosociálny stav evidovaných nezamestnaných so ZPS. Možnosti odborného poradenstva. Zmenená schopnosť a pracovná spôsobilosť. Pracovná rehabilitácia.

Saved in:
Bibliographic Details
Main Author: Kozoň, Antonín
Format: Book Chapter
Language:Slovak
Subjects:
Tags: Add Tag
No Tags, Be the first to tag this record!

MARC

LEADER 00000naa a2200000 4500
001 r046713
005 20231002090547.7
041 0 |a slo 
044 |a SK 
245 1 0 |a Pracovná sila so zmenenou pracovnou schopnosťou na trhu práce a úskalia pracovnej spôsobilosti  |c Antonín Kozoň 
520 |a Psychosociálny stav evidovaných nezamestnaných so ZPS. Možnosti odborného poradenstva. Zmenená schopnosť a pracovná spôsobilosť. Pracovná rehabilitácia. 
610 2 0 |a schopnosti pracovné zmenené 
610 2 0 |a trh práce 
610 2 0 |a invalidi 
610 2 0 |a nezamestnanosť 
610 2 0 |a spôsobilosť k práci 
610 2 0 |a rehabilitácia pracovná 
610 2 0 |a práca invalidov 
610 2 0 |a stresy 
100 1 |a Kozoň, Antonín